000 00446nam a2200157 4500
001 109503
003 ES-MaACL
005 20230906184844.0
007 t|
008 061121s1918 sp r ||||1| spa d
100 1 _aMitjana, Rafael.
_981697
245 1 0 _aEstudios sociales, jurídicos y económicos /
_cRafael Mitjana.
260 _aMadrid :
_bSucesores de Hernando,
_c1918.
300 _aVIII, 223 p. ;
_c19 cm.
852 _aES-MaACL
_jF-10540
999 _c109503
_d109503